[Event "Titled Tuesday intern op 13th Feb Early"]
[Site "Chess.com INT"]
[Date "2024.02.13"]
[Round "3"]
[White "Ozcan, Kaan"]
[Black "Smirnov, Alexandr A"]
[Result "1/2-1/2"]
[WhiteElo "2172"]
[BlackElo "2136"]
[PlyCount "100"]
[EventDate "2024.02.13"]
[EventType "swiss (blitz)"]
[EventRounds "11"]
[EventCountry "USA"]
[SourceTitle "CB08_2024"]
[SourceDate "2024.02.21"]
[SourceVersion "1"]
[SourceVersionDate "2024.02.21"]
[SourceQuality "1"]

1. Nf3 c5 2. g3 d6 3. Bg2 Nf6 4. 0-0 g6 5. Re1 Bg7 6. e4 0-0 7. c3 Nc6 8. d4 cxd4 9. cxd4 Bd7 10. Nc3 Rc8 11. h3 h6 12. Be3 e5 13. Qd2 Kh7 14. Rad1 Re8 15. Kh2 a6 16. g4 exd4 17. Nxd4 Nxd4 18. Bxd4 Bc6 19. f4 Qd7 20. Bxf6 Bxf6 21. Qxd6 Qxd6 22. Rxd6 Bxc3 23. bxc3 Rcd8 24. Rxd8 Rxd8 25. Re2 Bb5 26. Rc2 Bc4 27. e5 b5 28. Rb2 Rd3 29. Rc2 Re3 30. Bb7 a5 31. Bg2 a4 32. Bc6 Kg7 33. Rb2 Rxc3 34. Bxb5 Bxb5 35. Rxb5 Rc2+ 36. Kg3 Rxa2 37. Ra5 a3 38. Ra7 Kg8 39. f5 gxf5 40. gxf5 Ra1 41. Kg2 h5 42. Kh2 h4 43. Kg2 a2 44. e6 fxe6 45. fxe6 Kf8 46. Kh2 Ke8 47. Kg2 Kd8 48. Kh2 Ke8 49. Kg2 Kd8 50. Kh2 Ke8 1/2-1/2

[Event "Titled Tuesday intern op 06th Feb Early"]
[Site "Chess.com INT"]
[Date "2024.02.06"]
[Round "3"]
[White "Martinez Pla, Xavier"]
[Black "Ozcan, Kaan"]
[Result "1-0"]
[WhiteElo "2247"]
[BlackElo "2172"]
[PlyCount "73"]
[EventDate "2024.02.06"]
[EventType "swiss (blitz)"]
[EventRounds "11"]
[EventCountry "USA"]
[SourceTitle "CB07_2024"]
[SourceDate "2024.02.14"]
[SourceVersion "1"]
[SourceVersionDate "2024.02.14"]
[SourceQuality "1"]

1. e4 e5 2. Nf3 Nf6 3. Nxe5 d6 4. Nf3 Nxe4 5. c4 Be7 6. d3 Nf6 7. Nc3 0-0 8. d4 d5 9. Be2 c6 10. 0-0 Bg4 11. h3 Bh5 12. Bf4 Nbd7 13. c5 a5 14. a3 Ne4 15. Bd3 Ndf6 16. g4 Bg6 17. Ne5 Nxc3 18. bxc3 Ne4 19. Qc2 f5 20. f3 Ng5 21. Bxg5 Bxg5 22. f4 Bf6 23. gxf5 Bh5 24. Kh2 b6 25. cxb6 Re8 26. Rab1 Qd6 27. Qf2 Rab8 28. a4 Rec8 29. c4 c5 30. cxd5 cxd4 31. Qxd4 Rc5 32. Rfc1 Rxc1 33. Rxc1 h6 34. Rc6 Qa3 35. d6 Be8 36. d7 Qa2+ 37. Rc2 1-0

[Event "Titled Tuesday intern op 16th Jan Early"]
[Site "Chess.com INT"]
[Date "2024.01.16"]
[Round "2"]
[White "Vakhlamov, Igor L"]
[Black "Ozcan, Kaan"]
[Result "1-0"]
[WhiteElo "2413"]
[BlackElo "2172"]
[PlyCount "79"]
[EventDate "2024.01.16"]
[EventType "swiss (blitz)"]
[EventRounds "11"]
[EventCountry "USA"]
[SourceTitle "CB04_2024"]
[SourceDate "2023.10.16"]
[SourceVersion "1"]
[SourceVersionDate "2023.10.16"]
[SourceQuality "1"]

1. e4 e5 2. Nf3 Nc6 3. Nc3 Nf6 4. Bb5 Bc5 5. 0-0 d6 6. d4 exd4 7. Nxd4 Bd7 8. Nb3 Bb6 9. Bg5 a6 10. Bxf6 Qxf6 11. Nd5 Qg6 12. Nxb6 cxb6 13. Bc4 Ne5 14. Be2 0-0 15. f4 Nc6 16. Bd3 Qf6 17. c3 Rfe8 18. Qd2 a5 19. Rae1 a4 20. Nc1 Qh6 21. a3 Na5 22. Qf2 b5 23. Ne2 Nc4 24. Nd4 Rac8 25. h3 Rcd8 26. Re2 Rc8 27. Rfe1 Bc6 28. Qg3 Qg6 29. Qf2 Qh6 30. Nf5 Qf6 31. Qg3 Bd7 32. e5 Qg6 33. Ne7+ Rxe7 34. Bxg6 hxg6 35. exd6 Rxe2 36. Rxe2 Be6 37. Rxe6 fxe6 38. Qxg6 Rd8 39. Qxe6+ Kf8 40. d7 1-0

[Event "Titled Tuesday intern op 16th Jan Early"]
[Site "Chess.com INT"]
[Date "2024.01.16"]
[Round "5"]
[White "Yurasov, Matfey"]
[Black "Ozcan, Kaan"]
[Result "1-0"]
[WhiteElo "2152"]
[BlackElo "2172"]
[PlyCount "125"]
[EventDate "2024.01.16"]
[EventType "swiss (blitz)"]
[EventRounds "11"]
[EventCountry "USA"]
[SourceTitle "CB04_2024"]
[SourceDate "2023.10.16"]
[SourceVersion "1"]
[SourceVersionDate "2023.10.16"]
[SourceQuality "1"]

1. e4 c6 2. Nf3 d5 3. d3 dxe4 4. dxe4 Qxd1+ 5. Kxd1 Nf6 6. Nbd2 Bg4 7. Bd3 Nbd7 8. h3 Bxf3+ 9. Nxf3 e5 10. Ke2 Bc5 11. c3 h6 12. Bc2 0-0-0 13. Rd1 Rhe8 14. a4 a5 15. Nd2 g5 16. Nc4 b6 17. Be3 Bxe3 18. Nd6+ Kc7 19. Nxe8+ Rxe8 20. Kxe3 Nc5 21. Rd2 Ne6 22. g3 Re7 23. Rad1 Nd7 24. Bb3 Nec5 25. Bc2 Ne6 26. b3 Ndc5 27. Kf3 h5 28. Rd6 Nb7 29. R6d2 Nbc5 30. Ke3 Kc8 31. h4 gxh4 32. gxh4 Nf4 33. Rg1 Nce6 34. b4 Kc7 35. Bb3 Ng6 36. Bxe6 Rxe6 37. bxa5 bxa5 38. Rg5 Nxh4 39. Rxh5 Ng2+ 40. Kf3 Nf4 41. Rf5 f6 42. Rd1 Kb6 43. Rd8 Kc5 44. Ra8 Kb6 45. Rf8 Rd6 46. R5xf6 Rd3+ 47. Kg4 Rxc3 48. Kf5 Nd3 49. f3 Nb4 50. Kxe5 Nd3+ 51. Kd4 Ra3 52. Rc8 Nb4 53. Ke5 Rxa4 54. Ke6 Ra3 55. e5 Re3 56. f4 a4 57. Ra8 Kc5 58. Rxa4 Kb5 59. Ra8 c5 60. Rb8+ Ka4 61. Kf7 c4 62. Rfb6 Nd5 63. Ra6# 1-0

[Event "Titled Tuesday intern op 19th Dec Early"]
[Site "Chess.com INT"]
[Date "2023.12.19"]
[Round "1"]
[White "Ozcan, Kaan"]
[Black "Volkov, Maksim"]
[Result "0-1"]
[WhiteElo "2172"]
[BlackElo "2271"]
[PlyCount "92"]
[EventDate "2023.12.19"]
[EventType "swiss (blitz)"]
[EventRounds "11"]
[EventCountry "USA"]
[SourceTitle "CB52_2023"]
[SourceDate "2023.12.27"]
[SourceVersion "1"]
[SourceVersionDate "2023.12.27"]
[SourceQuality "1"]

1. Nf3 d5 2. g3 Nd7 3. d4 Nb6 4. Bg2 Bf5 5. 0-0 e6 6. b3 Nf6 7. Bg5 Be7 8. Nbd2 h6 9. Bf4 0-0 10. c4 a5 11. c5 Nbd7 12. Ne5 Nxe5 13. Bxe5 Nd7 14. Bf4 Bf6 15. Be3 c6 16. f4 b6 17. cxb6 Qxb6 18. Rc1 Bxd4 19. Bxd4 Qxd4+ 20. Kh1 c5 21. Qe1 Qe3 22. Rf3 Qd4 23. Rfc3 Bg6 24. e4 Rfe8 25. Re3 Nf6 26. Nf3 Qb2 27. exd5 exd5 28. Ne5 Be4 29. Re2 Qa3 30. Qd2 Rad8 31. Nc6 Bxg2+ 32. Kxg2 Rxe2+ 33. Qxe2 Re8 34. Qd2 a4 35. bxa4 Qxa4 36. Rxc5 Qe4+ 37. Kg1 Qb1+ 38. Rc1 Qb6+ 39. Qd4 Qa6 40. Ne5 Qxa2 41. Rd1 Rc8 42. Rd2 Qb1+ 43. Rd1 Qb3 44. Rd3 Rc1+ 45. Rd1 Rxd1+ 46. Qxd1 Qxd1+ 0-1

[Event "Titled Tuesday intern op 12th Dec Early"]
[Site "Chess.com INT"]
[Date "2023.12.12"]
[Round "2"]
[White "Aditya, Varun Gampa"]
[Black "Ozcan, Kaan"]
[Result "0-1"]
[WhiteElo "2325"]
[BlackElo "2172"]
[PlyCount "110"]
[EventDate "2023.12.12"]
[EventType "swiss (blitz)"]
[EventRounds "11"]
[EventCountry "USA"]
[SourceTitle "CB51_2023"]
[SourceDate "2023.12.20"]
[SourceVersion "1"]
[SourceVersionDate "2023.12.20"]
[SourceQuality "1"]

1. c4 Nf6 2. Nf3 e6 3. g3 d5 4. Bg2 Nbd7 5. 0-0 dxc4 6. Qa4 Be7 7. Qxc4 0-0 8. d4 Rb8 9. Nc3 a6 10. Bf4 Bd6 11. Ne5 Nh5 12. Ne4 Nxf4 13. gxf4 Bxe5 14. fxe5 b5 15. Qc2 Bb7 16. f4 Nb6 17. e3 Nd5 18. Rae1 h6 19. f5 Qh4 20. Ng3 Qg5 21. f6 Nxe3 22. Rxe3 Qxe3+ 23. Kh1 Bxg2+ 24. Qxg2 g6 25. Ne2 Rfd8 26. Rf3 Qe4 27. Rc3 Qxg2+ 28. Kxg2 Rd7 29. Kf3 Kf8 30. Ke4 Rb6 31. Nf4 Ke8 32. Rh3 h5 33. Rg3 Rc6 34. Nxh5 Rc4 35. Ng7+ Kf8 36. Rd3 c5 37. Ra3 Rcxd4+ 38. Ke3 Ra4 39. Rc3 c4 40. Ke2 Rxa2 41. Rh3 Rxb2+ 42. Ke1 Kg8 43. Ra3 Ra7 44. Kd1 Rb3 45. Ra2 Rd7+ 46. Kc1 Ra7 47. Rd2 Rd3 48. Rg2 Rad7 49. h4 a5 50. h5 c3 51. hxg6 Rd1+ 52. Kc2 R1d2+ 53. Rxd2 cxd2 54. gxf7+ Kxf7 55. Kd1 a4 0-1

[Event "Umraniye White Elephant 32nd"]
[Site "Umraniye"]
[Date "2023.10.28"]
[Round "5"]
[White "Rahmanov, Shahriyar Teymur Og"]
[Black "Ozcan, Kaan"]
[Result "1-0"]
[WhiteElo "2209"]
[BlackElo "2187"]
[PlyCount "61"]
[EventDate "2023.10.25"]
[EventType "swiss"]
[EventRounds "7"]
[EventCountry "TUR"]
[SourceTitle "Mega2024 Update 01"]
[Source "Chessbase"]
[SourceDate "2023.11.12"]
[SourceVersion "1"]
[SourceVersionDate "2023.11.12"]
[SourceQuality "1"]

1. d4 Nf6 2. c4 e6 3. Nc3 d5 4. Nf3 c6 5. g3 Nbd7 6. Bg2 dxc4 7. a4 a5 8. 0-0 Be7 9. e4 0-0 10. Qe2 Bb4 11. e5 Nd5 12. Qxc4 b6 13. Rd1 Ba6 14. Qb3 Rc8 15. Bd2 Be7 16. Rac1 Nb4 17. Be3 c5 18. Nb5 Bxb5 19. axb5 Qc7 20. Bg5 Bd8 21. Bxd8 Rfxd8 22. Ng5 Qb8 23. Qf3 Rf8 24. Qe4 g6 25. Qh4 h5 26. g4 cxd4 27. gxh5 Qxe5 28. hxg6 Kg7 29. Rxc8 Rxc8 30. Qh7+ Kf6 31. Nf3 1-0

[Event "Titled Tuesday intern op 19th Sep Late"]
[Site "Chess.com INT"]
[Date "2023.09.19"]
[Round "3"]
[White "Ozcan, Kaan"]
[Black "Leyva Proenza, Ricardo"]
[Result "1-0"]
[WhiteElo "2174"]
[BlackElo "2333"]
[PlyCount "141"]
[EventDate "2023.09.19"]
[EventType "swiss (blitz)"]
[EventRounds "11"]
[EventCountry "USA"]
[SourceTitle "EXT 2024"]
[Source "ChessBase"]
[SourceDate "2023.10.10"]
[SourceVersion "1"]
[SourceVersionDate "2023.10.10"]
[SourceQuality "1"]

1. Nf3 Nf6 2. g3 g6 3. Bg2 Bg7 4. 0-0 0-0 5. c4 d6 6. Nc3 c6 7. b4 Ne4 8. Bb2 Nxc3 9. Bxc3 Bxc3 10. dxc3 Nd7 11. Qd2 Kg7 12. Qd4+ Nf6 13. Rad1 Qc7 14. Rfe1 Rd8 15. e4 Bg4 16. h3 c5 17. bxc5 dxc5 18. Qe3 Bxf3 19. Bxf3 e5 20. g4 h6 21. h4 b6 22. g5 hxg5 23. hxg5 Nh7 24. Rd5 Qe7 25. Bg2 Nxg5 26. f4 exf4 27. Qxf4 Ne6 28. Qe5+ Qf6 29. Qxf6+ Kxf6 30. e5+ Ke7 31. Rd6 Rab8 32. Red1 Rxd6 33. exd6+ Kd7 34. Bh3 Rh8 35. Kg2 f5 36. Kg3 Nf4 37. Bxf5+ gxf5 38. Kxf4 Rh4+ 39. Ke5 Rxc4 40. Rg1 Re4+ 41. Kxf5 Re2 42. Rg7+ Kxd6 43. Rxa7 Rc2 44. Ra3 Kd5 45. Rb3 Kc6 46. Ra3 Kb5 47. Rb3+ Ka6 48. Ra3+ Kb5 49. Rb3+ Kc6 50. Ra3 Re2 51. Kf4 b5 52. Kf3 Re8 53. Ra5 Kb6 54. Ra3 c4 55. Kf2 Rd8 56. Ke2 Rd3 57. Ke1 Kc5 58. Ke2 Kd5 59. Ra5 Rxc3 60. Rxb5+ Kd4 61. Kd2 Rh3 62. a4 Rh2+ 63. Kc1 Ra2 64. a5 Kc3 65. Kb1 Ra4 66. Rh5 Kb3 67. Rb5+ Kc3 68. Rh5 Ra3 69. Rh3+ Kb4 70. Rxa3 Kxa3 71. a6 1-0

[Event "Titled Tuesday intern op 19th Sep Late"]
[Site "Chess.com INT"]
[Date "2023.09.19"]
[Round "2"]
[White "Ozcan, Kaan"]
[Black "Minina, Veronika"]
[Result "1-0"]
[WhiteElo "2174"]
[BlackElo "2057"]
[PlyCount "55"]
[EventDate "2023.09.19"]
[EventType "swiss (blitz)"]
[EventRounds "11"]
[EventCountry "USA"]
[SourceTitle "EXT 2024"]
[Source "ChessBase"]
[SourceDate "2023.10.10"]
[SourceVersion "1"]
[SourceVersionDate "2023.10.10"]
[SourceQuality "1"]

1. Nf3 Nf6 2. g3 g6 3. Bg2 Bg7 4. 0-0 0-0 5. c4 d6 6. Nc3 c6 7. b4 Ne4 8. Bb2 Nxc3 9. Bxc3 Bxc3 10. dxc3 e5 11. Qd2 Be6 12. Rfd1 Bxc4 13. Nxe5 Be6 14. Qxd6 Qf6 15. Rac1 Na6 16. Nd7 Qg5 17. Nxf8 Rxf8 18. Qd2 Qb5 19. e3 Qa4 20. Bf1 Nc7 21. Qc2 Qa3 22. c4 Qxb4 23. Qb3 Qxb3 24. axb3 Na6 25. Ra1 Bf5 26. Rd2 Re8 27. Bg2 h5 28. Bxc6 1-0

[Event "Titled Tuesday intern op 19th Sep Late"]
[Site "Chess.com INT"]
[Date "2023.09.19"]
[Round "5"]
[White "Ozcan, Kaan"]
[Black "Sokolovsky, Yahli"]
[Result "1/2-1/2"]
[WhiteElo "2174"]
[BlackElo "2474"]
[PlyCount "154"]
[EventDate "2023.09.19"]
[EventType "swiss (blitz)"]
[EventRounds "11"]
[EventCountry "USA"]
[SourceTitle "EXT 2024"]
[Source "ChessBase"]
[SourceDate "2023.10.10"]
[SourceVersion "1"]
[SourceVersionDate "2023.10.10"]
[SourceQuality "1"]

1. Nf3 d5 2. g3 Bg4 3. Bg2 Bxf3 4. Bxf3 h5 5. c4 e6 6. cxd5 exd5 7. Qb3 Nf6 8. Qxb7 Nbd7 9. Nc3 Rb8 10. Qc6 Rb6 11. Qa4 c6 12. d4 h4 13. Qc2 Bd6 14. Bg5 hxg3 15. hxg3 Rxh1+ 16. Bxh1 Qb8 17. Rb1 Rb4 18. Qd2 Qb6 19. e3 Qa6 20. Bf3 Nb6 21. Be2 Nc4 22. Bxc4 Rxc4 23. Bxf6 gxf6 24. a3 Qa5 25. Ne4 Qxd2+ 26. Nxd2 Ra4 27. Kd1 Ra6 28. Kc2 Rb6 29. b4 Kd7 30. Kc3 Rb8 31. Rh1 a5 32. bxa5 Bxa3 33. Nb3 Bb4+ 34. Kc2 Ra8 35. Ra1 Rh8 36. a6 Kc7 37. a7 Kb7 38. a8Q+ Rxa8 39. Rxa8 Kxa8 40. Kd3 Kb7 41. Nc1 Kc7 42. f3 Be1 43. Ne2 f5 44. g4 fxg4 45. fxg4 Kd6 46. Nf4 Bg3 47. Nh5 Bh4 48. Nf4 Bg5 49. Nh3 Bh6 50. e4 f6 51. exd5 cxd5 52. Nf2 Bf4 53. Nd1 Ke6 54. Nc3 Bd6 55. Ne2 Kf7 56. Nc3 Ke6 57. Ne2 Bc7 58. Ke3 Kf7 59. Nc3 Ke6 60. Nd1 Ba5 61. Nf2 Kf7 62. Nd3 Bc7 63. Nb4 Ke6 64. Kf3 Bd6 65. Nd3 Kf7 66. Nf4 Bxf4 67. Kxf4 Kg6 68. Kf3 Kg5 69. Kg3 Kh6 70. Kf4 Kg6 71. Kf3 Kg5 72. Kg3 f5 73. gxf5 Kxf5 74. Kf3 Kg5 75. Kg3 Kf5 76. Kf3 Kg5 77. Kg3 Kf5 1/2-1/2

[Event "Titled Tuesday intern op 19th Sep Late"]
[Site "Chess.com INT"]
[Date "2023.09.19"]
[Round "1"]
[White "Tristan, Leonardo"]
[Black "Ozcan, Kaan"]
[Result "1-0"]
[WhiteElo "2523"]
[BlackElo "2174"]
[PlyCount "65"]
[EventDate "2023.09.19"]
[EventType "swiss (blitz)"]
[EventRounds "11"]
[EventCountry "USA"]
[SourceTitle "EXT 2024"]
[Source "ChessBase"]
[SourceDate "2023.10.10"]
[SourceVersion "1"]
[SourceVersionDate "2023.10.10"]
[SourceQuality "1"]

1. d4 Nf6 2. Nf3 e6 3. Bf4 c5 4. e3 Qb6 5. Na3 cxd4 6. Nb5 Na6 7. exd4 Be7 8. c3 0-0 9. Bd3 d6 10. 0-0 Nc7 11. a4 Nxb5 12. axb5 Bd7 13. Qe2 Rfc8 14. h3 Bf8 15. c4 a6 16. bxa6 bxa6 17. Bd2 a5 18. Ra2 a4 19. Rfa1 Bc6 20. Bc3 Qb7 21. Ne1 Rcb8 22. Bc2 h6 23. Bxa4 Bxa4 24. Rxa4 Rxa4 25. Rxa4 Ne4 26. Rb4 Nxc3 27. bxc3 Qc7 28. Nc2 Ra8 29. g3 d5 30. c5 Ra3 31. c4 dxc4 32. Rxc4 Qc6 33. Nxa3 1-0

[Event "Titled Tuesday intern op 19th Sep Early"]
[Site "Chess.com INT"]
[Date "2023.09.19"]
[Round "4"]
[White "Wafa, Hamed"]
[Black "Ozcan, Kaan"]
[Result "1-0"]
[WhiteElo "2211"]
[BlackElo "2174"]
[PlyCount "69"]
[EventDate "2023.09.19"]
[EventType "swiss (blitz)"]
[EventRounds "11"]
[EventCountry "USA"]
[SourceTitle "EXT 2024"]
[Source "ChessBase"]
[SourceDate "2023.10.10"]
[SourceVersion "1"]
[SourceVersionDate "2023.10.10"]
[SourceQuality "1"]

1. e4 c6 2. d4 d5 3. e5 Bf5 4. h4 h5 5. Bd3 Bxd3 6. Qxd3 e6 7. Nf3 Ne7 8. Bg5 Qb6 9. Nbd2 Nf5 10. 0-0 Nd7 11. c4 Qa6 12. b3 Bb4 13. a3 Bxd2 14. Bxd2 dxc4 15. bxc4 Rd8 16. Bg5 f6 17. exf6 gxf6 18. Rfe1 Kf7 19. Bd2 Rde8 20. Rab1 Nb6 21. Rb4 Rhg8 22. Qb3 Re7 23. Bf4 Rg4 24. g3 Rd7 25. a4 Nxd4 26. Nxd4 Rxd4 27. Qe3 Rdxf4 28. Qxe6+ Kg6 29. Qg8+ Kf5 30. Qh7+ Rg6 31. Qxh5+ Rg5 32. hxg5 Rxf2 33. Kxf2 Qa5 34. gxf6+ Kxf6 35. Qxa5 1-0

[Event "Titled Tuesday intern op 19th Sep Late"]
[Site "Chess.com INT"]
[Date "2023.09.19"]
[Round "6"]
[White "Yuan, Qingyu"]
[Black "Ozcan, Kaan"]
[Result "1-0"]
[WhiteElo "2380"]
[BlackElo "2174"]
[PlyCount "69"]
[EventDate "2023.09.19"]
[EventType "swiss (blitz)"]
[EventRounds "11"]
[EventCountry "USA"]
[SourceTitle "EXT 2024"]
[Source "ChessBase"]
[SourceDate "2023.10.10"]
[SourceVersion "1"]
[SourceVersionDate "2023.10.10"]
[SourceQuality "1"]

1. e4 c6 2. d4 d5 3. exd5 cxd5 4. Bd3 Nc6 5. c3 Nf6 6. h3 g6 7. Nf3 Bg7 8. 0-0 0-0 9. Re1 Bf5 10. Bf1 Ne4 11. Nbd2 Nxd2 12. Bxd2 Qb6 13. Qb3 Rfd8 14. Qxb6 axb6 15. Bf4 Rdc8 16. a3 Bf6 17. Bb5 Na5 18. Nd2 h5 19. Re3 Kh7 20. Rae1 Be6 21. Kh2 g5 22. Be5 Kg6 23. Bxf6 exf6 24. h4 g4 25. Kg3 Nc6 26. Nf1 Ne7 27. Kh2 Kg7 28. Ng3 Kh6 29. Bd3 f5 30. Rxe6+ fxe6 31. Rxe6+ Ng6 32. Nxf5+ Kh7 33. Ne7 Re8 34. Bxg6+ Kg7 35. Nf5+ 1-0

[Event "Titled Tuesday intern op 05th Sep Early"]
[Site "Chess.com INT"]
[Date "2023.09.05"]
[Round "1"]
[White "Ozcan, Kaan"]
[Black "Nagare, Kaivalya Sandip"]
[Result "0-1"]
[WhiteElo "2174"]
[BlackElo "2095"]
[PlyCount "84"]
[EventDate "2023.09.05"]
[EventType "swiss (blitz)"]
[EventRounds "11"]
[EventCountry "USA"]
[SourceTitle "EXT 2024"]
[Source "ChessBase"]
[SourceDate "2023.10.10"]
[SourceVersion "1"]
[SourceVersionDate "2023.10.10"]
[SourceQuality "1"]

1. e4 c5 2. Nf3 d6 3. Bb5+ Nd7 4. c4 a6 5. Ba4 e5 6. 0-0 Ngf6 7. Nc3 g6 8. d3 Bg7 9. h3 0-0 10. Be3 Rb8 11. Qd2 Ne8 12. Bh6 Nc7 13. Bxg7 Kxg7 14. Bc2 b5 15. b3 b4 16. Nd5 Nxd5 17. exd5 Nf6 18. Ng5 h6 19. Ne4 Nh5 20. Rae1 f5 21. Ng3 Nf4 22. Ne2 Nxe2+ 23. Qxe2 f4 24. Bd1 f3 25. Qe3 fxg2 26. Kxg2 Qh4 27. Qg3 Qxg3+ 28. fxg3 Bf5 29. Be2 a5 30. g4 Bd7 31. Bf3 a4 32. Be4 Rxf1 33. Rxf1 Ra8 34. Kg3 a3 35. h4 Rf8 36. Rxf8 Kxf8 37. Bxg6 Ba4 38. bxa4 b3 39. a5 bxa2 40. a6 a1Q 41. a7 Qe1+ 42. Kf3 Qa5 0-1

[Event "Titled Tuesday intern op 05th Sep Late"]
[Site "Chess.com INT"]
[Date "2023.09.05"]
[Round "6"]
[White "Rottenwohrer Suarez, Juan"]
[Black "Ozcan, Kaan"]
[Result "1-0"]
[WhiteElo "2281"]
[BlackElo "2174"]
[PlyCount "49"]
[EventDate "2023.09.05"]
[EventType "swiss (blitz)"]
[EventRounds "11"]
[EventCountry "USA"]
[SourceTitle "EXT 2024"]
[Source "ChessBase"]
[SourceDate "2023.10.10"]
[SourceVersion "1"]
[SourceVersionDate "2023.10.10"]
[SourceQuality "1"]

1. d4 Nf6 2. c4 e6 3. Nc3 d5 4. cxd5 exd5 5. Bg5 Be7 6. e3 c6 7. Bd3 Nbd7 8. Nge2 0-0 9. 0-0 Re8 10. Qc2 h6 11. Bh4 Nf8 12. f3 Ne6 13. h3 a5 14. Bf2 g6 15. e4 dxe4 16. fxe4 Ng7 17. Rad1 Be6 18. Nf4 g5 19. Nxe6 Nxe6 20. e5 Nd5 21. Nxd5 cxd5 22. Be3 Kg7 23. Qf2 Rf8 24. Qf5 Rh8 25. Qxf7# 1-0

[Event "Istanbul op"]
[Site "Istanbul"]
[Date "2023.09.01"]
[Round "9"]
[White "Ozcan, Kaan"]
[Black "Rostami, Hossein"]
[Result "0-1"]
[WhiteElo "2174"]
[BlackElo "2303"]
[PlyCount "110"]
[EventDate "2023.08.26"]
[EventType "swiss"]
[EventRounds "9"]
[EventCountry "TUR"]
[SourceTitle "EXT 2024"]
[Source "ChessBase"]
[SourceDate "2023.10.10"]
[SourceVersion "1"]
[SourceVersionDate "2023.10.10"]
[SourceQuality "1"]

1. d4 Nf6 2. c4 e6 3. Nf3 Bb4+ 4. Nbd2 b6 5. a3 Bxd2+ 6. Qxd2 Bb7 7. g3 0-0 8. Bg2 d6 9. 0-0 Nbd7 10. b4 Qe7 11. Bb2 Rfe8 12. Rfd1 Be4 13. Rac1 Rad8 14. Qc3 c5 15. Qb3 Rc8 16. Qa4 Bc6 17. b5 Be4 18. e3 Rc7 19. Qb3 Qd8 20. Ne1 Bxg2 21. Nxg2 Qa8 22. Qd3 Ne4 23. f3 Ng5 24. e4 f5 25. Qe3 Nh3+ 26. Kf1 fxe4 27. Qxe4 Qxe4 28. fxe4 Rf8+ 29. Ke1 Nf2 30. Rd2 Nxe4 31. Re2 Ng5 32. Nf4 cxd4 33. h4 e5 34. hxg5 exf4 35. Bxd4 fxg3 36. Re7 Rf7 37. Rxf7 Kxf7 38. Kf1 d5 39. c5 Nxc5 40. Kg2 Ne6 41. Rf1+ Kg6 42. Be5 Rc5 43. Rb1 d4 44. Bxg3 Rc2+ 45. Kf1 Rc3 46. Bd6 Nxg5 47. Ra1 Ne4 48. Bb8 d3 49. Ke1 d2+ 50. Kd1 Rb3 51. Bxa7 Rxb5 52. Kc2 Rc5+ 53. Kb2 Nf2 54. Rg1+ Kf7 55. Bxb6 d1Q 0-1

[Event "Istanbul op"]
[Site "Istanbul"]
[Date "2023.08.30"]
[Round "6"]
[White "Ozcan, Kaan"]
[Black "Ebrahimi Herab, Hamidreza"]
[Result "0-1"]
[WhiteElo "2174"]
[BlackElo "2302"]
[PlyCount "80"]
[EventDate "2023.08.26"]
[EventType "swiss"]
[EventRounds "9"]
[EventCountry "TUR"]
[SourceTitle "EXT 2024"]
[Source "ChessBase"]
[SourceDate "2023.10.10"]
[SourceVersion "1"]
[SourceVersionDate "2023.10.10"]
[SourceQuality "1"]

1. c4 Nf6 2. Nf3 g6 3. Nc3 d5 4. cxd5 Nxd5 5. h4 Bg7 6. e4 Nb4 7. d3 Bg4 8. Be3 N8c6 9. a3 Bxf3 10. gxf3 Na6 11. f4 Nd4 12. e5 c6 13. Bg2 h5 14. Ne2 Nxe2 15. Qxe2 Nc7 16. Be4 e6 17. Bc5 Bf8 18. Bxf8 Rxf8 19. Qf3 Qd4 20. 0-0 0-0-0 21. Rfc1 Kb8 22. Qe3 f5 23. exf6 Qxf6 24. Qg3 Ka8 25. Rc4 Nd5 26. Bxd5 exd5 27. Rc3 Qxf4 28. Rd1 Rde8 29. Rc2 a6 30. d4 Qe4 31. Rc3 Qe2 32. Rb1 Re4 33. f3 Ref4 34. Re1 Qd2 35. Rce3 Qxd4 36. Kg2 Ka7 37. R1e2 Qf6 38. Re6 Rxf3 39. Qd6 Rf2+ 40. Kg1 Rf1+ 0-1

[Event "Titled Tuesday intern op 22nd Aug Early"]
[Site "Chess.com INT"]
[Date "2023.08.22"]
[Round "9"]
[White "Perez, Maximiliano"]
[Black "Ozcan, Kaan"]
[Result "0-1"]
[WhiteElo "2383"]
[BlackElo "2174"]
[PlyCount "108"]
[EventDate "2023.08.22"]
[EventType "swiss (blitz)"]
[EventRounds "11"]
[EventCountry "USA"]
[SourceTitle "EXT 2024"]
[Source "ChessBase"]
[SourceDate "2023.10.10"]
[SourceVersion "1"]
[SourceVersionDate "2023.10.10"]
[SourceQuality "1"]

1. d4 Nf6 2. Bf4 d5 3. e3 e6 4. Nf3 Bd6 5. Bg3 0-0 6. Nbd2 b6 7. c3 Bb7 8. Bd3 c5 9. Ne5 Qc7 10. f4 Nbd7 11. Qf3 Rae8 12. Bh4 c4 13. Bc2 b5 14. g4 Bxe5 15. fxe5 Ne4 16. Nxe4 dxe4 17. Bxe4 Bxe4 18. Qxe4 f5 19. exf6 Nxf6 20. Bxf6 Rxf6 21. 0-0-0 Rf2 22. Rd2 Rxd2 23. Kxd2 Qf7 24. Qg2 Rf8 25. Ke2 Qg6 26. e4 Rf4 27. h3 Rxe4+ 28. Kd2 Qg5+ 29. Kd1 Qe3 30. Rf1 Qd3+ 31. Kc1 h6 32. Rd1 Qe3+ 33. Kc2 Kh7 34. b3 cxb3+ 35. axb3 b4 36. cxb4 Rf4 37. Rd2 Rxd4 38. Rxd4 Qxd4 39. Qe2 e5 40. b5 Qf4 41. Kd3 Qd4+ 42. Kc2 Kg6 43. Qc4 Qf2+ 44. Kc3 Qe3+ 45. Kb4 Qd2+ 46. Ka3 Qd6+ 47. Ka4 Qd4 48. Qxd4 exd4 49. Kb4 Kf6 50. Kc4 Ke5 51. h4 Ke4 52. g5 hxg5 53. hxg5 d3 54. Kc3 Ke3 0-1

[Event "Biel HTO 56th"]
[Site "Biel"]
[Date "2023.07.24"]
[Round "7"]
[White "Stijve, Niels"]
[Black "Ozcan, Kaan"]
[Result "1/2-1/2"]
[WhiteElo "2088"]
[BlackElo "2196"]
[PlyCount "85"]
[EventDate "2023.07.17"]
[EventType "swiss"]
[EventRounds "10"]
[EventCountry "SUI"]
[SourceTitle "CBM 215 Extra"]
[Source "ChessBase"]
[SourceDate "2023.09.30"]
[SourceVersion "1"]
[SourceVersionDate "2023.09.30"]
[SourceQuality "1"]

1. e4 e5 2. Nf3 Nc6 3. d4 exd4 4. Bc4 d6 5. Nxd4 Nxd4 6. Qxd4 Qf6 7. Qd3 c6 8. Nc3 Be6 9. Be3 Be7 10. a4 Bxc4 11. Qxc4 Qe6 12. Qd3 Nf6 13. f3 0-0 14. 0-0 Rfd8 15. Rfd1 d5 16. exd5 Nxd5 17. Nxd5 Rxd5 18. Qb3 Rdd8 19. Qxe6 fxe6 20. Rxd8+ Rxd8 21. Bxa7 Rd2 22. Re1 Rxc2 23. Rxe6 Kf7 24. Re4 Rxb2 25. Rc4 Rb4 26. Rxb4 Bxb4 27. Kf2 Ke6 28. Ke3 Kd5 29. Kd3 b5 30. axb5 cxb5 31. h4 h5 32. Bd4 g6 33. Bf6 Ba5 34. g4 Bc7 35. Kc3 Be5+ 36. Bxe5 Kxe5 37. gxh5 gxh5 38. Kb4 Kf4 39. Kxb5 Kxf3 40. Kc4 Kg3 41. Kd3 Kxh4 42. Ke2 Kg3 43. Kf1 1/2-1/2